| 000 | 00412nam a22001697a 4500 | ||
|---|---|---|---|
| 003 | OSt | ||
| 008 | 240222b |||||||| |||| 00| 0 eng d | ||
| 020 | _a849316162 | ||
| 041 | _aeng | ||
| 082 |
_a631.4 _bPIE/SO |
||
| 100 |
_aPierzynski,Gary.M _aSims,Thomas.J _aVance,George.F _96086 |
||
| 245 | _aSoils and Environmental Quality | ||
| 250 | _a3 | ||
| 260 |
_aNew York _bCRC _c2014 |
||
| 300 | _a569 | ||
| 942 | _cBK | ||
| 999 |
_c14314 _d14314 |
||